| 000 | 00889nam a2200217 u 4500 | ||
|---|---|---|---|
| 001 | 000485633 | ||
| 003 | AM-YeHGA | ||
| 005 | 20250618072618.0 | ||
| 008 | 060425s1893 ||| r 000 0 ger d | ||
| 040 | _aAM-YeHGA | ||
| 041 | 0 | _ager | |
| 100 | 1 |
_aԳյոթե, Յոհան Վոլֆգանգ, _d1749-1832 |
|
| 245 | 1 | 0 |
_aЭгмонт= : _bEgmont / _cГете; Текст с введ., примеч. и словарем объянил Е.А. Лёве. |
| 246 | 3 | 1 | _aEgmont |
| 260 |
_aС.-Петербург : _bИзд. С.А. Манштейна, _c1893. |
||
| 300 | _a80 с. | ||
| 440 | 0 | _aИзбранныя произведенiя немецких и французских писателей для класснаго и домашняго чтенiя | |
| 546 | _aТекст на нем. яз. | ||
| 650 | 1 | 4 |
_aԳերմանական գրականություն _95149 |
| 090 | _c180063 | ||
| 999 |
_c178616 _d178616 |
||